[Event "IRI-ch Online"]
[Site "Chess.com INT"]
[Date "2021.03.16"]
[Round "4"]
[White "Fathi, Hamed"]
[Black "Salimi, Kiarash"]
[Result "0-1"]
[WhiteElo "1485"]
[BlackElo "1792"]
[PlyCount "110"]
[EventDate "2021.03.15"]
[EventType "swiss (rapid)"]
[EventRounds "11"]
[EventCountry "IRI"]
[SourceTitle "CBM 201 Extra"]
[Source "ChessBase"]
[SourceDate "2021.05.31"]
[SourceVersion "1"]
[SourceVersionDate "2021.05.31"]
[SourceQuality "1"]

1. e4 d5 2. exd5 Nf6 3. d4 Bg4 4. Nf3 Nxd5 5. Be2 e6 6. h3 Bf5 7. 0-0 Nc6 8. a3 Bd6 9. c4 Nf4 10. Bxf4 Bxf4 11. d5 Ne7 12. Nc3 0-0 13. Nd4 exd5 14. Nxf5 Nxf5 15. Nxd5 Be5 16. Nc3 Nd4 17. Bd3 g6 18. Rc1 Qd7 19. Re1 Bg7 20. Nd5 c6 21. Ne3 Rad8 22. Bb1 Rfe8 23. Qa4 b5 24. cxb5 cxb5 25. Qd1 Qe6 26. Nc2 Ne2+ 27. Qxe2 Qxe2 28. Rxe2 Rxe2 29. Ne3 Bxb2 30. Rf1 Rdd2 31. a4 Bd4 32. Ng4 bxa4 33. g3 a3 34. h4 a2 35. Bxa2 Rxa2 36. Rb1 Bxf2+ 37. Kg2 Bb6+ 38. Kf3 h5 39. Nf6+ Kg7 40. Nd5 Rf2+ 41. Ke4 Ra4+ 42. Kd3 Rd4+ 43. Kc3 Rxd5 44. Re1 Ba5+ 45. Kc4 Bxe1 46. Kxd5 Rc2 47. g4 a5 48. gxh5 gxh5 49. Ke4 a4 50. Kd3 Rc1 51. Ke2 a3 52. Kf1 a2 53. Kg1 a1Q 54. Kh2 Rc2+ 55. Kh3 Qc3# 0-1

[Event "IRI-ch U14"]
[Site "Chess.com INT"]
[Date "2021.01.16"]
[Round "6"]
[White "Nezamdoust, Amir Mohammad"]
[Black "Salimi, Kiarash"]
[Result "0-1"]
[WhiteElo "1620"]
[BlackElo "1792"]
[PlyCount "86"]
[EventDate "2021.01.16"]
[EventType "swiss"]
[EventRounds "11"]
[EventCountry "IRI"]
[SourceTitle "EXT 2022"]
[Source "ChessBase"]
[SourceDate "2021.10.06"]
[SourceVersion "1"]
[SourceVersionDate "2021.10.06"]
[SourceQuality "1"]

1. Nf3 Nf6 2. c4 e6 3. g3 b6 4. Bg2 Bb7 5. 0-0 Be7 6. Nc3 c5 7. b3 0-0 8. Bb2 Nc6 9. d4 d6 10. dxc5 dxc5 11. Ne5 Qc8 12. Nxc6 Bxc6 13. Qc2 Bxg2 14. Kxg2 Qc6+ 15. Kg1 Rad8 16. Rad1 a6 17. h3 b5 18. cxb5 axb5 19. a4 bxa4 20. Nxa4 Rb8 21. Bxf6 Bxf6 22. Qxc5 Qe4 23. Qc4 Qxc4 24. bxc4 Rb4 25. Nc5 Rxc4 26. Nd7 Re8 27. Nxf6+ gxf6 28. Rd2 Rb8 29. Rfd1 Kg7 30. e3 f5 31. Rd7 Rc2 32. Ra7 Rbb2 33. Rdd7 Rxf2 34. Rxf7+ Kg6 35. Rg7+ Kf6 36. Rxh7 Rg2+ 37. Kh1 Rxg3 38. Rhf7+ Ke5 39. Ra5+ Ke4 40. Ra4+ Kf3 41. Ra1 Rxh3+ 42. Kg1 Rg2+ 43. Kf1 Rh1# 0-1

[Event "IRI-ch U14"]
[Site "Chess.com INT"]
[Date "2021.01.16"]
[Round "5"]
[White "Salimi, Kiarash"]
[Black "Eemen, Shaayaan"]
[Result "0-1"]
[WhiteElo "1792"]
[BlackElo "1942"]
[PlyCount "121"]
[EventDate "2021.01.16"]
[EventType "swiss"]
[EventRounds "11"]
[EventCountry "IRI"]
[SourceTitle "EXT 2022"]
[Source "ChessBase"]
[SourceDate "2021.10.06"]
[SourceVersion "1"]
[SourceVersionDate "2021.10.06"]
[SourceQuality "1"]

1. Nf3 Nf6 2. c4 g6 3. g3 Bg7 4. Bg2 0-0 5. 0-0 d6 6. Nc3 c5 7. d4 Nc6 8. dxc5 dxc5 9. Be3 Qa5 10. Qa4 Qxa4 11. Nxa4 b6 12. Rad1 Ba6 13. b3 Rad8 14. Bf4 Nb4 15. Ne5 Nh5 16. a3 Nxf4 17. gxf4 Bxe5 18. fxe5 Nc2 19. Nc3 Bc8 20. Nd5 Rd7 21. e3 Nxa3 22. Ra1 Nc2 23. Ra4 Rfd8 24. Bh3 Rxd5 25. Bxc8 Rxe5 26. Bb7 a5 27. Ra2 Nb4 28. Rb2 f5 29. Rbb1 Re6 30. Rfd1 Red6 31. Rxd6 Rxd6 32. Kf1 e5 33. f3 Kg7 34. Ke2 Kf7 35. h4 Ke7 36. h5 Kd8 37. hxg6 hxg6 38. Rh1 Kc7 39. Ba8 Kb8 40. Rh8+ Ka7 41. Re8 Rd7 42. e4 f4 43. Bd5 Nxd5 44. exd5 b5 45. Rxe5 bxc4 46. bxc4 a4 47. Kd3 a3 48. Re2 Kb6 49. Kc3 Ra7 50. Re6+ Kb7 51. Kb3 a2 52. Re7+ Kb6 53. Rxa7 Kxa7 54. Kxa2 g5 55. Kb2 g4 56. fxg4 f3 57. g5 f2 58. g6 f1Q 59. g7 Qf6+ 60. Kc2 Qxg7 61. Kd3 0-1

[Event "IRI-ch U14"]
[Site "Chess.com INT"]
[Date "2021.01.16"]
[Round "7"]
[White "Salimi, Kiarash"]
[Black "Rajaei, Amirhasan"]
[Result "1/2-1/2"]
[WhiteElo "1792"]
[BlackElo "1063"]
[PlyCount "66"]
[EventDate "2021.01.16"]
[EventType "swiss"]
[EventRounds "11"]
[EventCountry "IRI"]
[SourceTitle "EXT 2022"]
[Source "ChessBase"]
[SourceDate "2021.10.06"]
[SourceVersion "1"]
[SourceVersionDate "2021.10.06"]
[SourceQuality "1"]

1. Nf3 d5 2. c4 d4 3. b4 Nf6 4. Bb2 c5 5. g3 a6 6. Bg2 Nc6 7. bxc5 e5 8. d3 Bxc5 9. 0-0 0-0 10. Nbd2 Bd6 11. a3 Bg4 12. Qb3 Qc7 13. Rfc1 Bxf3 14. Bxf3 Bc5 15. Rab1 Rab8 16. Ba1 Nd7 17. Qa2 f5 18. Bd5+ Kh8 19. Nf3 f4 20. Ng5 Nd8 21. a4 Nf6 22. Bf3 h6 23. Ne4 Nxe4 24. Bxe4 Ne6 25. Bb2 Qf7 26. Rf1 Ng5 27. Bg2 Qh5 28. Rbe1 Rbe8 29. Ba3 Bxa3 30. Qxa3 Nh3+ 31. Bxh3 Qxh3 32. Qb4 e4 33. dxe4 d3 1/2-1/2